Statistics for Minecraft Version History

Click here to take the quiz!

General Stats

  • This quiz has been taken 69 times
    (55 since last reset)
  • The average score is 9 of 33

Answer Stats

New FeaturesUpdate% Correct
Translations, Spawn Eggs, Superflat1.1
95%
Adventure Mode, Emeralds, Ender Chests1.3
91%
Jungles, Iron Golems, Redstone Lamps1.2
89%
The End, Brewing, Enchanting, Breeding1.0
77%
Nether Deserts, Piglins, Netherite, BastionsNether Update
36%
Wardens, Goats, Copper, Azalea TreesCaves and Cliffs
32%
End Cities, Elytra, New Combat, ShieldsCombat Update
32%
Tools, Crafting, Farming, TorchesIndev
32%
Infinite worlds, Dungeons, MinecartsInfdev
32%
Pillagers, Raids, Foxes, Bamboo, CrossbowsVillage and Pillage
27%
Water, Ores, Trees, Survival TestClassic
25%
Beds, Lapis, Sandstone, DyeBeta 1.2
23%
Redstone Repeaters, SlabsBeta 1.3
23%
Bees, Honey, HivesBuzzy Bees
23%
CapesBeta 1.0
20%
New logo, Wolves, CookiesBeta 1.4
20%
Weather, Achievements, New SaplingsBeta 1.5
20%
Scoreboard, Quartz, New Redstone ItemsRedstone Update
20%
Phantoms, Conduits, Dolphins, TridentsUpdate Aquatic
20%
Trapdoors, Maps, Tall GrassBeta 1.6
18%
Pistons, ShearsBeta 1.7
18%
Cobblestone, Grass, Wood, HumansPre-Classic
18%
Anvils, Withers, Witches, Command BlocksPretty Scary Update
18%
New Biomes, Stained Glass, AmplifiedThe Update that Changed the World
18%
Concrete, Crafting Book, Parrots, AdvancementsWorld of Color Update
18%
Bricks, Enderman, Villages, New FoodAdventure Update
16%
Rabbits, Prismarine, Slime Blocks, BannersBountiful Update
16%
Woodland Mansions, Shulker Boxes, LlamasExploration Update
16%
Magma Blocks, Fossils, Strays, Polar BearsFrostburn Update
16%
Horses, Carpets, Terracotta, Coal BlocksHorse Update
14%
CompassesAlpha 1.1.0
5%
Sneaking, FishingAlpha 1.1.1
5%
The Nether, Pumpkins, ClocksHalloween Update
5%

Score Distribution

Percentile by Number Answered

Percent of People with Each Score

Your Score History

You have not taken this quiz since the last reset